000 00836nmc a2200277 a 4500
003 AR-BaBNM
005 20251128211657.0
008 245020s2001 ||||||||||||||000 | spa||
020 _a950-581-702-9
040 _cAR-BaBNM
100 1 _aGonzález, Adriana
245 1 0 _a¿Cómo enseñar matemática en el jardín?
_bnúmero, medida, espacio
250 _a1a ed.
260 _aBuenos Aires
_bColihue
_c2001
300 0 _a193 p.
_btablas
490 0 _aNuevos caminos en educación inicial
504 _aContiene referencias bibliogràficas p. 189-193
650 4 _aENSENANZA DE LAS MATEMATICAS
653 _aEDUCACION INICIAL
653 _aESTRATEGIAS DIDACTICAS
653 _aCONTENIDOS CURRICULARES
700 1 _aWeinstein, Edith
800 1 _aSan Martín de Duprat, Hebe
_edirector
942 _cBK
998 _craquel
999 _c20669
_d20669